Statistics for Fall Out Boy Charting Songs (Billboard Hot 100)

Click here to take the quiz!

General Stats

  • This quiz has been taken 40 times
    (24 since last reset)
  • The average score is 8 of 20

Answer Stats

AlbumWeeks OnPeakArtist(s)Song% Correct
American Beauty, American Psycho34 Weeks#10Fall Out BoyCenturies
94%
Infinity on High28 Weeks#11Fall Out BoyThnks Fr Th Mmrs
69%
Big Hero 6 (Original Motion Picture Soundtrack) & American Beauty, American Psycho8 Weeks#72Fall Out BoyImmortals
63%
From Under The Cork Tree31 Weeks#9Fall Out BoyDance, Dance
63%
Folie à Deux20 Weeks#21Fall Out BoyI Don't Care
56%
American Beauty, American Psycho27 Weeks#22Fall Out BoyUma Thurman
56%
Save Rock n Roll26 Weeks#13Fall Out BoyMy Songs Know What You Did In The Dark (Light Em Up)
50%
From Under The Cork Tree42 Weeks#8Fall Out BoySugar, We're Goin' Down
50%
Infinity on High20 Weeks#2Fall Out BoyThis Ain't A Scene, It's An Arms Race
44%
Save Rock n Roll1 Week#80Fall Out BoyThe Phoenix
44%
American Beauty, American Psycho14 Weeks#48Fall Out Boy ft. Demi LovatoIrresistable
44%
Non-Album Single9 Weeks#62Lil Peep & ILoveMakonnen ft. Fall Out BoyI've Been Waiting
31%
Save Rock n Roll8 Weeks#71Fall Out BoyAlone Together
25%
Live in Phoenix7 Weeks#19Fall Out Boy ft. John MayerBeat It
25%
Folie à Deux1 Week#78Fall Out BoyAmerica's Suitehearts
19%
Folie à Deux1 Week#94Fall Out BoyWhat a Catch, Donnie
13%
Infinity On High6 Weeks#68Fall Out BoyI'm Like A Lawyer...(Me & You)
6%
From Under The Cork Tree13 Weeks#65Fall Out BoyA Little Less Sixteen Candles, A Little More Touch Me
6%
Folie à Deux1 Week#74Fall Out BoyHeadfirst Slide into Cooperstown on a Bad Bet
6%
Infinity On High1 Week#81Fall Out BoyThe Carpal Tunnel of Love
6%

Score Distribution

Percentile by Number Answered

Percent of People with Each Score

Your Score History

You have not taken this quiz since the last reset